Harry Potter spell - or not? Quiz Stats

Quiz not verified by Sporcle

Challenge
Share
Tweet
Embed
Score 0/22 Timer 04:00
0 Plays Today
Word Spell or not? % Correct
AccioSpell
100%
TenesmusNot
100%
AbilifyNot
98.7%
ExpelliarmusSpell
98.7%
BloviateNot
97.4%
TarantallegraSpell
97.4%
RictusempraSpell
96.1%
Lupus vulgarisNot
96.1%
Materia medicaNot
94.8%
Finite IncantatemSpell
94.8%
ImpetigoNot
94.8%
Word Spell or not? % Correct
MobiliarbusSpell
94.8%
AlohomoraSpell
94.8%
RiddikulusSpell
93.5%
ToxicosisNot
93.5%
TaramasalataNot
93.5%
CruciateNot
93.5%
Petrificus TotalusSpell
93.5%
HaggisNot
93.5%
ProtasisNot
93.5%
UmbilicusNot
93.5%
OrchideousSpell
93.5%

You're not logged in!

Compare scores with friends on all Sporcle quizzes.
Join for Free
OR
Log In

You Might Also Like...

Show Comments

Extras

Created Jan 18, 2012ReportNominate
Tags:Harry Potter Quiz, spelling

Top Quizzes Today


Score Distribution

Your Account Isn't Verified!

In order to create a playlist on Sporcle, you need to verify the email address you used during registration. Go to your Sporcle Settings to finish the process.

Report this User

Report this user for behavior that violates our Community Guidelines.

Details: